[Event "FRA-chT Top 16 GpA"]
[Site "Belfort"]
[Date "2025.05.28"]
[Round "7.31"]
[White "Eugene, Nathael"]
[Black "Razafindratsima, Timothe"]
[Result "0-1"]
[WhiteElo "2122"]
[BlackElo "2465"]
[PlyCount "52"]
[EventDate "2025.05.22"]
[EventType "team-tourn"]
[EventRounds "7"]
[EventCountry "FRA"]
[SourceTitle "CB22_2025"]
[SourceDate "2025.05.28"]
[SourceVersion "1"]
[SourceVersionDate "2025.05.28"]
[SourceQuality "1"]
[WhiteTeam "Le Mans"]
[BlackTeam "Chartres"]
[WhiteTeamCountry "FRA"]
[BlackTeamCountry "FRA"]

1. e4 c5 2. Nf3 Nc6 3. d4 cxd4 4. Nxd4 Nf6 5. Nc3 e6 6. Ndb5 Bc5 7. Nd6+ Ke7 8. Bf4 e5 9. Nf5+ Kf8 10. Bg5 d6 11. Ne3 h6 12. Bxf6 Qxf6 13. Bc4 Be6 14. 0-0 Qg6 15. Kh1 Bxe3 16. Bxe6 fxe6 17. Qxd6+ Kg8 18. fxe3 Rd8 19. Qc7 Rd2 20. Rg1 Kh7 21. Rad1 Rxc2 22. Qxb7 Rb8 23. Qxc6 Rbxb2 24. Qc5 Rxg2 25. Qxe5 Qg4 26. Nd5 Rxg1+ 0-1

[Event "Mitropa Cup"]
[Site "Trencin"]
[Date "2025.05.18"]
[Round "5.1"]
[White "Razafindratsima, Timothe"]
[Black "Peng, Li Min"]
[Result "1-0"]
[WhiteElo "2465"]
[BlackElo "2489"]
[PlyCount "129"]
[EventDate "2025.05.14"]
[EventType "team-tourn"]
[EventRounds "9"]
[EventCountry "SVK"]
[SourceTitle "CB22_2025"]
[SourceDate "2025.05.28"]
[SourceVersion "1"]
[SourceVersionDate "2025.05.28"]
[SourceQuality "1"]
[WhiteTeam "France"]
[BlackTeam "Switzerland"]
[WhiteTeamCountry "FRA"]
[BlackTeamCountry "SUI"]

1. Nf3 d5 2. g3 Nf6 3. Bg2 g6 4. 0-0 Bg7 5. c4 c6 6. d4 0-0 7. cxd5 cxd5 8. Nc3 Ne4 9. Ne5 Nxc3 10. bxc3 e6 11. e4 Nc6 12. Ba3 Re8 13. Nxc6 bxc6 14. Qa4 Bd7 15. Bc5 dxe4 16. Bxe4 e5 17. Bxc6 Bxc6 18. Qxc6 exd4 19. cxd4 Bxd4 20. Rad1 Qf6 21. Qxf6 Bxf6 22. Rd7 Re2 23. a3 Ra2 24. Rb1 Rb2 25. Rxb2 Bxb2 26. a4 a5 27. Bd4 Ba3 28. Bf6 Kf8 29. Kg2 Ke8 30. Rd5 Kf8 31. Kf3 Be7 32. Bxe7+ Kxe7 33. Rb5 h5 34. h3 Ra6 35. g4 hxg4+ 36. hxg4 f6 37. Kf4 Ke6 38. f3 Kd6 39. Ke3 Rc6 40. Rxa5 Rc3+ 41. Kf4 Rc4+ 42. Kg3 Ke6 43. Ra7 g5 44. Ra6+ Kf7 45. Kf2 Rb4 46. Ra5 Ke6 47. Ra6+ Kf7 48. a5 Rb2+ 49. Ke3 Rb3+ 50. Ke4 Rb4+ 51. Ke3 Rb3+ 52. Ke4 Rb4+ 53. Kd5 Rb3 54. Rb6 Rxf3 55. a6 Ra3 56. Kc5 Ra5+ 57. Kb4 Ra2 58. Rc6 Ke7 59. Kb5 Rb2+ 60. Kc5 f5 61. gxf5 Rf2 62. a7 Rxf5+ 63. Kb6 Rf8 64. Kb7 Kd7 65. Rg6 1-0

[Event "FRA-ch U20"]
[Site "Vichy"]
[Date "2025.05.01"]
[Round "6"]
[White "Razafindratsima, Timothe"]
[Black "Belkaid, Sohan"]
[Result "1/2-1/2"]
[WhiteElo "2475"]
[BlackElo "2352"]
[PlyCount "160"]
[EventDate "2025.04.27"]
[EventType "swiss"]
[EventRounds "9"]
[EventCountry "FRA"]
[SourceTitle "CB19_2025"]
[SourceDate "2025.05.07"]
[SourceVersion "1"]
[SourceVersionDate "2025.05.07"]
[SourceQuality "1"]

1. Nf3 d5 2. g3 Nf6 3. Bg2 e6 4. 0-0 Be7 5. c4 0-0 6. b3 c5 7. cxd5 exd5 8. d4 Nc6 9. Bb2 Ne4 10. Nc3 Bf6 11. e3 Nxc3 12. Bxc3 Bg4 13. Qd3 Bxf3 14. Bxf3 cxd4 15. exd4 Qd7 16. Kg2 Rfd8 17. a4 Be7 18. Rfe1 Bf8 19. Rac1 a6 20. h4 Qd6 21. Rb1 Rab8 22. h5 Qf6 23. a5 Bb4 24. Bxb4 Nxb4 25. Qc3 Nc6 26. Red1 Qd6 27. b4 Rbc8 28. Qd2 Qh6 29. Qxh6 gxh6 30. b5 Nxa5 31. bxa6 bxa6 32. Ra1 Nc4 33. Rxa6 Kg7 34. Ra7 Rc6 35. g4 Rf6 36. Kg3 Nd6 37. Re1 Nb5 38. Ra4 Nc7 39. Bg2 Ne6 40. Re5 Nf4 41. Bf3 Nd3 42. Rf5 Rxf5 43. gxf5 Kf6 44. Bg4 Rd6 45. Be2 Nb2 46. Rb4 Nc4 47. Bxc4 dxc4 48. Rxc4 Kxf5 49. f4 Ke4 50. Rc7 f5 51. Rxh7 Kxd4 52. Rf7 Ke4 53. Re7+ Kd3 54. Kf3 Kd4 55. Rf7 Rd5 56. Rf6 Ra5 57. Rd6+ Kc4 58. Rxh6 Ra3+ 59. Kg2 Kd5 60. Rg6 Ke4 61. h6 Ra8 62. Kg3 Ra3+ 63. Kh4 Kxf4 64. h7 Ra1 65. Rg3 Ra8 66. Rg8 Ra1 67. Rg3 Ra8 68. Rb3 Rh8 69. Rb7 Kf3 70. Kg5 f4 71. Rg7 Kg3 72. Kf5+ Kf3 73. Rf7 Kg3 74. Rg7+ Kf3 75. Re7 Kg3 76. Ke4 Kg4 77. Rg7+ Kh5 78. Kxf4 Kh6 79. Rg1 Rf8+ 80. Ke5 Kxh7 1/2-1/2

[Event "FRA-ch U20"]
[Site "Vichy"]
[Date "2025.04.28"]
[Round "2"]
[White "Razafindratsima, Timothe"]
[Black "Lamothe, Hugo"]
[Result "1-0"]
[WhiteElo "2475"]
[BlackElo "2022"]
[PlyCount "75"]
[EventDate "2025.04.27"]
[EventType "swiss"]
[EventRounds "9"]
[EventCountry "FRA"]
[SourceTitle "CB19_2025"]
[SourceDate "2025.05.07"]
[SourceVersion "1"]
[SourceVersionDate "2025.05.07"]
[SourceQuality "1"]

1. d4 Nf6 2. c4 e6 3. Nf3 b6 4. g3 Bb7 5. Bg2 Bb4+ 6. Bd2 Qe7 7. a3 Bxd2+ 8. Qxd2 a5 9. Nc3 0-0 10. 0-0 Na6 11. Qd3 d6 12. Rfe1 e5 13. e4 Rfe8 14. Nd5 Nxd5 15. exd5 Qf6 16. Qe3 h6 17. dxe5 dxe5 18. Nxe5 Nc5 19. Rad1 a4 20. Qc3 Re7 21. Re3 Rae8 22. Rde1 Qd6 23. Bf3 Nd7 24. Nxd7 Qxd7 25. h4 Qd6 26. Rxe7 Rxe7 27. Rxe7 Qxe7 28. Qc2 Qd7 29. c5 bxc5 30. Qxc5 Qf5 31. Qxc7 Qb1+ 32. Kg2 Qxb2 33. h5 Qb3 34. Qd8+ Kh7 35. Be4+ g6 36. hxg6+ fxg6 37. Qe7+ Kg8 38. Qe8+ 1-0

[Event "Bundesliga 2425"]
[Site "Germany"]
[Date "2025.04.25"]
[Round "13.5"]
[White "Razafindratsima, Timothe"]
[Black "Boensch, Uwe"]
[Result "1/2-1/2"]
[WhiteElo "2450"]
[BlackElo "2459"]
[PlyCount "87"]
[EventDate "2024.09.28"]
[EventType "team-tourn"]
[EventRounds "15"]
[EventCountry "GER"]
[SourceTitle "CB18_2025"]
[SourceDate "2025.04.30"]
[SourceVersion "1"]
[SourceVersionDate "2025.04.30"]
[SourceQuality "1"]
[WhiteTeam "Bad Mergentheim"]
[BlackTeam "Dresden TU"]
[WhiteTeamCountry "GER"]
[BlackTeamCountry "GER"]

1. e4 c5 2. Nf3 Nc6 3. Nc3 e5 4. Bc4 d6 5. d3 Be7 6. Nd2 Nf6 7. Nf1 Bg4 8. f3 Be6 9. Ne3 0-0 10. 0-0 Nb4 11. Bd2 d5 12. exd5 Nfxd5 13. Nexd5 Nxd5 14. Qe1 Qd6 15. Nxd5 Bxd5 16. Bc3 f6 17. Qe4 Bxc4 18. dxc4 Qc6 19. Qxc6 bxc6 20. Rad1 Kf7 21. Rd3 Rfd8 22. Kf2 Ke6 23. Ke2 Rd6 24. Bd2 Rd4 25. b3 h5 26. h3 g5 27. Rxd4 cxd4 28. b4 a6 29. Rb1 Rg8 30. a4 g4 31. hxg4 hxg4 32. b5 gxf3+ 33. gxf3 cxb5 34. cxb5 axb5 35. axb5 Kd5 36. b6 Rb8 37. b7 Bc5 38. Ba5 Kc6 39. c3 dxc3 40. Bxc3 Rxb7 41. Rxb7 Kxb7 42. f4 Kc6 43. fxe5 fxe5 44. Bxe5 1/2-1/2

[Event "Asnieres sur Seine Trophy Dalkia"]
[Site "Asnieres sur Seine"]
[Date "2025.04.21"]
[Round "5"]
[White "Razafindratsima, Timothe"]
[Black "Droin, Augustin"]
[Result "1/2-1/2"]
[WhiteElo "2475"]
[BlackElo "2467"]
[PlyCount "110"]
[EventDate "2025.04.18"]
[EventType "tourn"]
[EventRounds "9"]
[EventCountry "FRA"]
[EventCategory "9"]
[SourceTitle "CB18_2025"]
[SourceDate "2025.04.30"]
[SourceVersion "1"]
[SourceVersionDate "2025.04.30"]
[SourceQuality "1"]

1. c4 Nf6 2. Nf3 e6 3. g3 a6 4. Bg2 b5 5. b3 Bb7 6. Na3 b4 7. Nc2 Be7 8. a3 a5 9. axb4 axb4 10. Bb2 c5 11. d4 cxd4 12. Ncxd4 0-0 13. 0-0 Na6 14. Nd2 Bxg2 15. Kxg2 Nc5 16. Qc2 Qb6 17. e4 Qb7 18. f3 d6 19. Rxa8 Rxa8 20. Ra1 Rxa1 21. Bxa1 Qa8 22. Qb1 Nfd7 23. Nc2 Bg5 24. Nf1 Nd3 25. h4 Bd8 26. Bd4 N7e5 27. Bxe5 Nxe5 28. Nxb4 Qb7 29. Nd3 Nxc4 30. Qa2 Na5 31. b4 Nc6 32. Ne3 g6 33. Qc4 Bb6 34. Ng4 h5 35. Nf6+ Kf8 36. Qb5 Ke7 37. Qg5 Bd4 38. Nxh5+ Kf8 39. b5 Ne7 40. Nf6 Bxf6 41. Qxf6 Qxb5 42. Nf4 Qe5 43. Qxe5 dxe5 44. Nd3 Nc6 45. g4 f6 46. g5 fxg5 47. hxg5 Ke7 48. Kf2 Kd6 49. Ke3 Nd8 50. f4 exf4+ 51. Nxf4 e5 52. Nxg6 Ne6 53. Nxe5 Kxe5 54. Kf3 Nxg5+ 55. Ke3 Nxe4 1/2-1/2

[Event "Asnieres sur Seine Trophy Dalkia"]
[Site "Asnieres sur Seine"]
[Date "2025.04.20"]
[Round "4"]
[White "Motylev, Alexander"]
[Black "Razafindratsima, Timothe"]
[Result "1-0"]
[WhiteElo "2591"]
[BlackElo "2475"]
[PlyCount "127"]
[EventDate "2025.04.18"]
[EventType "tourn"]
[EventRounds "9"]
[EventCountry "FRA"]
[EventCategory "9"]
[SourceTitle "CB18_2025"]
[SourceDate "2025.04.30"]
[SourceVersion "1"]
[SourceVersionDate "2025.04.30"]
[SourceQuality "1"]

1. d4 Nf6 2. g3 e6 3. Bg2 d5 4. Nf3 Be7 5. 0-0 0-0 6. c4 a5 7. Qc2 Nc6 8. Bd2 Ne4 9. Rd1 Nxd2 10. Nbxd2 Bf6 11. e3 Qe7 12. Rac1 Rd8 13. a3 Bd7 14. Ne1 Be8 15. Nd3 g5 16. cxd5 exd5 17. Nb1 b6 18. Nc3 Qe6 19. b4 Ne7 20. Qb3 Ra7 21. b5 Bg7 22. Re1 Qd6 23. a4 Raa8 24. Red1 Rac8 25. Ne5 Kh8 26. e4 f6 27. Nc6 Nxc6 28. bxc6 Bxc6 29. exd5 Bd7 30. Nb5 Qb4 31. Qc2 Bxb5 32. axb5 Qxb5 33. Qf5 Qe8 34. Re1 Qg6 35. Bh3 Qxf5 36. Bxf5 Ra8 37. Rxc7 Bf8 38. Rxh7+ Kg8 39. Rb7 a4 40. Rxb6 a3 41. Ra1 Bd6 42. Kg2 Rab8 43. Rxd6 Rxd6 44. Rxa3 Kf8 45. Be6 Rdb6 46. Rc3 Rb4 47. Rc7 Rxd4 48. Rf7+ Ke8 49. Rxf6 Rb2 50. Rf7 Re2 51. Rf5 Rdd2 52. Bf7+ Ke7 53. Bh5 Re1 54. Rxg5 Kf6 55. h4 Rb1 56. g4 Rdd1 57. Rf5+ Kg7 58. Kg3 Rb4 59. f3 Rg1+ 60. Kf2 Rh1 61. d6 Rd4 62. Rf7+ Kg8 63. d7 Rxh4 64. Ke3 1-0

[Event "Asnieres sur Seine Trophy Dalkia"]
[Site "Asnieres sur Seine"]
[Date "2025.04.18"]
[Round "1"]
[White "Razafindratsima, Timothe"]
[Black "Fromm, Marius"]
[Result "1-0"]
[WhiteElo "2475"]
[BlackElo "2436"]
[PlyCount "84"]
[EventDate "2025.04.18"]
[EventType "tourn"]
[EventRounds "9"]
[EventCountry "FRA"]
[EventCategory "9"]
[SourceTitle "CB18_2025"]
[SourceDate "2025.04.30"]
[SourceVersion "1"]
[SourceVersionDate "2025.04.30"]
[SourceQuality "1"]

1. e4 e6 2. d4 d5 3. e5 c5 4. c3 Nc6 5. Nf3 Qb6 6. Be2 cxd4 7. cxd4 Nh6 8. Bxh6 Qxb2 9. Nbd2 gxh6 10. 0-0 Nxd4 11. Rb1 Nxe2+ 12. Qxe2 Qa3 13. Nd4 a6 14. Rfd1 Bg7 15. Nf1 Qe7 16. Ng3 f6 17. Qh5+ Qf7 18. Nxe6 Bxe6 19. Rxb7 Qxh5 20. Nxh5 Bf8 21. Nxf6+ Kd8 22. Rb6 Ke7 23. Rb7+ Kd8 24. Nxd5 Bxd5 25. Rxd5+ Ke8 26. f4 Rg8 27. f5 Rg7 28. Rxg7 Bxg7 29. f6 Bh8 30. Kf2 Kf7 31. Kf3 Rc8 32. Rd6 a5 33. g4 Rc2 34. h4 Rxa2 35. Rd7+ Ke6 36. Re7+ Kd5 37. g5 hxg5 38. hxg5 Rh2 39. Re8 Rh1 40. Rxh8 Kxe5 41. Kg2 Rh5 42. f7 Kd5 1-0

[Event "EU-ch 25th"]
[Site "Eforie Nord"]
[Date "2025.03.20"]
[Round "6"]
[White "Razafindratsima, Timothe"]
[Black "David, Alexandru Vasile"]
[Result "1-0"]
[WhiteElo "2465"]
[BlackElo "2331"]
[PlyCount "147"]
[EventDate "2025.03.15"]
[EventType "swiss"]
[EventRounds "11"]
[EventCountry "ROU"]
[SourceTitle "CB13_2025"]
[SourceDate "2025.03.26"]
[SourceVersion "1"]
[SourceVersionDate "2025.03.26"]
[SourceQuality "1"]

1. e4 c5 2. Nf3 d6 3. Nc3 a6 4. a4 Nf6 5. Be2 e6 6. 0-0 Be7 7. d4 cxd4 8. Nxd4 0-0 9. Be3 e5 10. Nf3 Be6 11. Ng5 Bd7 12. a5 h6 13. Bb6 Qc8 14. Nf3 Bc6 15. Nd5 Bxd5 16. exd5 Nbd7 17. Be3 b5 18. axb6 Bd8 19. c4 a5 20. Qb3 Qb7 21. Nd2 Nc5 22. Bxc5 dxc5 23. Qc3 Qxb6 24. Bd1 Ne8 25. Ba4 Nd6 26. Bc6 Rb8 27. Qxe5 Bc7 28. Qe3 Nf5 29. Qd3 Nd4 30. Bb5 Nxb5 31. cxb5 Qxb5 32. Nc4 Qb3 33. Qxb3 Rxb3 34. d6 Bd8 35. Rfe1 Rb4 36. Rac1 Bf6 37. Nxa5 Rd4 38. Red1 Rd8 39. Nc6 Rxd1+ 40. Rxd1 Rd7 41. Kf1 Bxb2 42. Nb8 Rd8 43. Nc6 Rd7 44. Nb8 Rd8 45. d7 Rxb8 46. d8Q+ Rxd8 47. Rxd8+ Kh7 48. Rd5 Bd4 49. h4 Kg6 50. h5+ Kf6 51. Rd7 Kg5 52. Rxf7 Kxh5 53. Ke2 Kg6 54. Rf8 Bf6 55. f4 Kf5 56. Kf3 h5 57. Rc8 Bd4 58. Rd8 g6 59. Rd5+ Ke6 60. Ke4 Kf6 61. Rd6+ Kf7 62. Rc6 Kg7 63. f5 gxf5+ 64. Kxf5 Be3 65. Re6 Bd2 66. Re2 Bc1 67. Re5 Ba3 68. Kg5 c4 69. Re4 c3 70. Rc4 Bb2 71. Rc7+ Kf8 72. Kxh5 Ke8 73. g4 Kd8 74. Rc4 1-0

[Event "EU-ch 25th"]
[Site "Eforie Nord"]
[Date "2025.03.16"]
[Round "2"]
[White "Razafindratsima, Timothe"]
[Black "Predke, Alexandr"]
[Result "1/2-1/2"]
[WhiteElo "2465"]
[BlackElo "2640"]
[PlyCount "182"]
[EventDate "2025.03.15"]
[EventType "swiss"]
[EventRounds "11"]
[EventCountry "ROU"]
[SourceTitle "CB13_2025"]
[SourceDate "2025.03.26"]
[SourceVersion "1"]
[SourceVersionDate "2025.03.26"]
[SourceQuality "1"]

1. d4 Nf6 2. c4 e6 3. Nf3 d5 4. g3 Be7 5. Bg2 0-0 6. 0-0 a5 7. Qc2 Nc6 8. a3 dxc4 9. Qxc4 a4 10. Nc3 Bd7 11. Bf4 Na5 12. Qd3 Nd5 13. Ne5 Be8 14. Be4 Nf6 15. Bf3 Nd5 16. Be4 Kh8 17. Rad1 f6 18. Nc4 Nxc4 19. Qxc4 Bc6 20. Bg2 Nxc3 21. Qxc3 Bxg2 22. Kxg2 Qd5+ 23. Qf3 c6 24. Rd3 Rfd8 25. Rc1 Qxf3+ 26. Kxf3 Kg8 27. Bd2 Rd5 28. Rc4 f5 29. h4 Kf7 30. e4 fxe4+ 31. Kxe4 Bf6 32. Bf4 Ra6 33. Be5 Rb6 34. Bxf6 gxf6 35. Rd2 Ra5 36. Kd3 Rb3+ 37. Rc3 Rab5 38. Rxb3 Rxb3+ 39. Ke4 f5+ 40. Kf4 Kf6 41. g4 fxg4 42. Kxg4 Rb5 43. Rc2 Ke7 44. h5 Kd6 45. f4 Rd5 46. h6 Rxd4 47. Re2 Rd5 48. Re4 b5 49. Re3 c5 50. Kh4 Rf5 51. Kg4 Rf6 52. Rh3 Rf5 53. Rg3 b4 54. Kf3 bxa3 55. bxa3 Rh5 56. Ke4 Rxh6 57. Rd3+ Ke7 58. Rc3 Rh5 59. Rc4 Rh3 60. Rxa4 h5 61. Ra7+ Kf6 62. Rc7 Rc3 63. a4 h4 64. a5 h3 65. a6 Kg6 66. Rc8 Ra3 67. Rxc5 h2 68. Rc1 Rxa6 69. Rh1 Ra2 70. Kf3 Kf5 71. Re1 Kf6 72. Kg3 Re2 73. Rh1 Kf5 74. Kf3 Rb2 75. Re1 Kf6 76. Kg3 Rc2 77. Ra1 Rb2 78. Re1 Rd2 79. Ra1 Kf5 80. Ra5+ Rd5 81. Ra1 Rd2 82. Ra5+ Kg6 83. Ra1 Re2 84. Rh1 Kf5 85. Kf3 Ra2 86. Re1 Ra8 87. Re5+ Kf6 88. Rh5 Ra3+ 89. Kg4 Ra2 90. Kg3 Kg6 91. Rxh2 Rxh2 1/2-1/2

[Event "Wch U20 62nd"]
[Site "Petrovac"]
[Date "2025.03.03"]
[Round "7"]
[White "Jin, Yueheng"]
[Black "Razafindratsima, Timothe"]
[Result "1/2-1/2"]
[WhiteElo "2343"]
[BlackElo "2472"]
[PlyCount "48"]
[EventDate "2025.02.25"]
[EventType "swiss"]
[EventRounds "11"]
[EventCountry "MNE"]
[SourceTitle "CB11_2025"]
[SourceDate "2025.03.12"]
[SourceVersion "1"]
[SourceVersionDate "2025.03.12"]
[SourceQuality "1"]

1. d4 Nf6 2. c4 e6 3. g3 d5 4. Bg2 Be7 5. Nf3 0-0 6. 0-0 dxc4 7. Qc2 b6 8. Ne5 Qxd4 9. Bxa8 Qxe5 10. Bf3 Nd5 11. Qxc4 Ba6 12. Qa4 c5 13. Rd1 Bf6 14. Nc3 Nxc3 15. bxc3 Bxe2 16. Bxe2 Qxe2 17. Be3 h5 18. Rac1 Qf3 19. Rd6 h4 20. Qd1 Qe4 21. Qd3 Qg4 22. Qd1 Qe4 23. Qd3 Qg4 24. Qd1 Qe4 1/2-1/2

[Event "Wch U20 62nd"]
[Site "Petrovac"]
[Date "2025.03.02"]
[Round "6"]
[White "Razafindratsima, Timothe"]
[Black "George Samir, David"]
[Result "1-0"]
[WhiteElo "2472"]
[BlackElo "2338"]
[PlyCount "91"]
[EventDate "2025.02.25"]
[EventType "swiss"]
[EventRounds "11"]
[EventCountry "MNE"]
[SourceTitle "CB11_2025"]
[SourceDate "2025.03.12"]
[SourceVersion "1"]
[SourceVersionDate "2025.03.12"]
[SourceQuality "1"]

1. e4 c5 2. Nf3 d6 3. Bc4 Nf6 4. d3 Nc6 5. c3 e6 6. Bb3 Be7 7. 0-0 0-0 8. Re1 d5 9. e5 Nd7 10. d4 f6 11. Bc2 cxd4 12. exf6 Nxf6 13. cxd4 Bd6 14. h3 Qc7 15. Nc3 a6 16. a3 Bd7 17. Bg5 Rae8 18. Rc1 Qb8 19. Qd3 Re7 20. Nxd5 exd5 21. Bxf6 Rxe1+ 22. Rxe1 g6 23. Be5 Ne7 24. Qe3 Nf5 25. Qf4 Bxe5 26. Rxe5 Kh8 27. Bxf5 Bxf5 28. Qh6 Rf7 29. Qe3 Qd6 30. g4 Bc8 31. Re8+ Rf8 32. Rxf8+ Qxf8 33. Qe5+ Kg8 34. Qxd5+ Kg7 35. Qe5+ Kg8 36. Ng5 h6 37. Ne4 b5 38. d5 Qd8 39. Qd6 Qxd6 40. Nxd6 Bd7 41. f3 Kf8 42. Kf2 Ke7 43. Ne4 Bc8 44. Ke3 Bb7 45. Kd4 g5 46. Ke5 1-0

[Event "Wch U20 62nd"]
[Site "Petrovac"]
[Date "2025.02.26"]
[Round "2"]
[White "Razafindratsima, Timothe"]
[Black "Manish, Anto Cristiano F"]
[Result "1/2-1/2"]
[WhiteElo "2472"]
[BlackElo "2355"]
[PlyCount "176"]
[EventDate "2025.02.25"]
[EventType "swiss"]
[EventRounds "11"]
[EventCountry "MNE"]
[SourceTitle "CB11_2025"]
[SourceDate "2025.03.12"]
[SourceVersion "1"]
[SourceVersionDate "2025.03.12"]
[SourceQuality "1"]

1. e4 e5 2. Nf3 Nc6 3. Bb5 a6 4. Ba4 Nf6 5. 0-0 b5 6. Bb3 Bc5 7. c3 d6 8. a4 Rb8 9. Bc2 0-0 10. d3 h6 11. Nbd2 Re8 12. Re1 Bb6 13. Nf1 Ne7 14. axb5 axb5 15. d4 Ng6 16. Ne3 exd4 17. Nxd4 Bb7 18. Nef5 Nxe4 19. Be3 Qf6 20. f3 Ng5 21. Qd2 Ne5 22. f4 Ne4 23. fxe5 dxe5 24. Bxe4 exd4 25. Bxd4 Bxe4 26. Ng3 Bxd4+ 27. Qxd4 Qxd4+ 28. cxd4 Bd5 29. Nf5 Kf8 30. Kf2 Rxe1 31. Rxe1 Ra8 32. Ne3 Be6 33. Rc1 Ra2 34. Rxc7 Rxb2+ 35. Kf3 Ke8 36. d5 Bd7 37. Ke4 Ke7 38. Nf5+ Kd8 39. Ra7 Re2+ 40. Kf3 Re5 41. Ra8+ Kc7 42. Ra7+ Kb6 43. Rxd7 Rxf5+ 44. Ke4 Rf2 45. Kd4 b4 46. Rd6+ Kc7 47. Rc6+ Kd7 48. g3 Rd2+ 49. Ke4 b3 50. Rb6 b2 51. h4 Kc7 52. Rb5 Kd6 53. Ke3 Rc2 54. Kf4 g6 55. Ke4 f5+ 56. Kf4 Rh2 57. h5 Rxh5 58. Rxb2 Kxd5 59. Rb6 Rg5 60. Ra6 Rg4+ 61. Kf3 h5 62. Rf6 Kd4 63. Rd6+ Kc3 64. Ra6 Kd2 65. Ra2+ Kd3 66. Ra6 Kd4 67. Ra4+ Kd5 68. Ra6 Ke5 69. Rb6 Kd4 70. Rd6+ Ke5 71. Ra6 Rg5 72. Rb6 Rg4 73. Ra6 g5 74. Ra5+ Ke6 75. Ra6+ Ke7 76. Ra7+ Ke8 77. Ra8+ Kd7 78. Ra7+ Kd6 79. Ra6+ Ke7 80. Ra7+ Ke8 81. Ra8+ Kd7 82. Ra7+ Kc6 83. Ra6+ Kb7 84. Rf6 h4 85. gxh4 Rf4+ 86. Kg3 Rg4+ 87. Kf3 Rf4+ 88. Kg3 Rg4+ 1/2-1/2

[Event "Bundesliga 2425"]
[Site "Germany"]
[Date "2025.01.11"]
[Round "5.5"]
[White "Alonso Rosell, Alvar"]
[Black "Razafindratsima, Timothe"]
[Result "1/2-1/2"]
[WhiteElo "2550"]
[BlackElo "2450"]
[PlyCount "49"]
[EventDate "2024.09.28"]
[EventType "team-tourn"]
[EventRounds "15"]
[EventCountry "GER"]
[SourceTitle "CB06_2025"]
[SourceDate "2025.02.05"]
[SourceVersion "1"]
[SourceVersionDate "2025.02.05"]
[SourceQuality "1"]
[WhiteTeam "Bayern Muenchen"]
[BlackTeam "Bad Mergentheim"]
[WhiteTeamCountry "GER"]
[BlackTeamCountry "GER"]

1. d4 Nf6 2. Nf3 e6 3. c4 d5 4. g3 Nc6 5. Bg2 Bd6 6. 0-0 0-0 7. b3 Re8 8. Bb2 b6 9. Nc3 Bb7 10. Rc1 Rc8 11. Nb5 a6 12. Nxd6 cxd6 13. Nd2 Rc7 14. e4 Nb4 15. e5 dxe5 16. dxe5 Nd7 17. cxd5 Rxc1 18. Qxc1 Nd3 19. Qc3 Nxb2 20. Qxb2 Bxd5 21. Bxd5 exd5 22. Nf3 d4 23. e6 Rxe6 24. Qxd4 h6 25. Rd1 1/2-1/2

[Event "European Corporate"]
[Site "Asnieres sur Seine"]
[Date "2024.11.23"]
[Round "8.2"]
[White "Moingt, Jean Claude"]
[Black "Razafindratsima, Timothe"]
[Result "0-1"]
[WhiteElo "2094"]
[BlackElo "2465"]
[PlyCount "72"]
[EventDate "2024.11.22"]
[EventType "team-swiss"]
[EventRounds "9"]
[EventCountry "FRA"]
[SourceTitle "CB48_2024"]
[SourceDate "2024.11.28"]
[SourceVersion "1"]
[SourceVersionDate "2024.11.28"]
[SourceQuality "1"]
[WhiteTeam "Leonard"]
[BlackTeam "Europe Echecs"]
[WhiteTeamCountry "FRA"]
[BlackTeamCountry "FRA"]

1. e4 c5 2. Nf3 d6 3. Bb5+ Nd7 4. Ba4 e6 5. 0-0 Ngf6 6. Qe2 Qc7 7. c3 a6 8. d4 b5 9. Bc2 Be7 10. e5 dxe5 11. dxe5 Nd5 12. Re1 Bb7 13. Nbd2 h6 14. a4 c4 15. axb5 axb5 16. Rxa8+ Bxa8 17. Qe4 Nc5 18. Qg4 g5 19. Ne4 Nxe4 20. Bxe4 Qb6 21. Bxd5 Bxd5 22. Be3 Qb7 23. Nd4 h5 24. Qg3 g4 25. Ra1 b4 26. h3 Rg8 27. h4 bxc3 28. bxc3 Qb2 29. Ra7 Qb1+ 30. Kh2 Rg6 31. Bg5 Rxg5 32. hxg5 Bxg5 33. f4 Bd8 34. f5 Qe4 35. fxe6 h4 36. exf7+ Kf8 0-1

[Event "European Corporate"]
[Site "Asnieres sur Seine"]
[Date "2024.11.23"]
[Round "6.2"]
[White "Razafindratsima, Timothe"]
[Black "Grinev, Valeriy"]
[Result "1/2-1/2"]
[WhiteElo "2465"]
[BlackElo "2418"]
[PlyCount "158"]
[EventDate "2024.11.22"]
[EventType "team-swiss"]
[EventRounds "9"]
[EventCountry "FRA"]
[SourceTitle "CB48_2024"]
[SourceDate "2024.11.28"]
[SourceVersion "1"]
[SourceVersionDate "2024.11.28"]
[SourceQuality "1"]
[WhiteTeam "Europe Echecs"]
[BlackTeam "Greco"]
[WhiteTeamCountry "FRA"]
[BlackTeamCountry "UKR"]

1. e4 c5 2. Nf3 e6 3. d4 cxd4 4. Nxd4 a6 5. Be2 Nf6 6. Qd3 Qc7 7. 0-0 Nc6 8. Nxc6 bxc6 9. c4 Be7 10. Nc3 0-0 11. f4 d5 12. e5 Nd7 13. Be3 a5 14. cxd5 cxd5 15. Rac1 Qb8 16. Qb5 Rd8 17. a4 f6 18. Bd4 fxe5 19. fxe5 Nf8 20. Qxb8 Rxb8 21. Nb5 Bd7 22. Rc7 Rbc8 23. Rfc1 Rxc7 24. Rxc7 Rc8 25. Rxc8 Bxc8 26. Kf2 Bb4 27. Ke3 Bd7 28. b3 Ng6 29. Na7 Kf7 30. Bb5 Ke7 31. g3 Kd8 32. Kd3 Kc7 33. Ba6 Ne7 34. Nb5+ Bxb5+ 35. axb5 Nc8 36. Bxc8 Kxc8 37. Bb6 Kb7 38. Bd8 g6 39. g4 Kc8 40. Bb6 Kb7 41. Bd8 Kc8 42. Bg5 Kb7 43. Be3 Be7 44. Ke2 Bd8 45. Kf3 Bb6 46. Bd2 Bc7 47. Kf4 Kb6 48. Kg5 Bxe5 49. Kh6 Bxh2 50. Kxh7 e5 51. Kxg6 e4 52. Kf5 Bg1 53. g5 e3 54. Be1 e2 55. g6 Bd4 56. Ke6 Kxb5 57. Kxd5 Bg7 58. Ke4 a4 59. bxa4+ Kxa4 60. Kd3 Kb5 61. Kxe2 Kc6 62. Kf3 Kd5 63. Kg4 Ke6 64. Kg5 Ke7 65. Bb4+ Ke8 66. Kf5 Bb2 67. Ke6 Ba1 68. Bc5 Bb2 69. Bd6 Bg7 70. Be7 Bh8 71. Bc5 Bc3 72. Bb4 Bb2 73. Bc5 Bc3 74. Ba3 Bd4 75. Bd6 Bg7 76. Be7 Bh8 77. Bh4 Kf8 78. Bf6 Bg7 79. Kf5 Kg8 1/2-1/2

[Event "Wch U18"]
[Site "Florianopolis"]
[Date "2024.11.06"]
[Round "8"]
[White "Razafindratsima, Timothe"]
[Black "Kenbeilov, Timur"]
[Result "1-0"]
[WhiteElo "2464"]
[BlackElo "2281"]
[PlyCount "133"]
[EventDate "2024.10.29"]
[EventType "swiss"]
[EventRounds "11"]
[EventCountry "BRA"]
[SourceTitle "CB45_2024"]
[Source "ChessBase"]
[SourceDate "2024.11.06"]
[SourceVersion "1"]
[SourceVersionDate "2024.11.06"]
[SourceQuality "1"]

1. c4 e6 2. Nc3 d5 3. d4 Nf6 4. cxd5 exd5 5. Bg5 Be7 6. e3 h6 7. Bh4 0-0 8. Bd3 c6 9. Nge2 Nbd7 10. 0-0 Ne4 11. Bxe7 Qxe7 12. Qc2 Ndf6 13. Rae1 Bf5 14. Nd1 g6 15. f3 Nd6 16. Nec3 Bxd3 17. Qxd3 Rfe8 18. Re2 Rad8 19. g4 h5 20. h3 hxg4 21. hxg4 b6 22. b3 c5 23. Rg2 Nb7 24. Qd2 Kg7 25. Ne2 Qc7 26. Nf4 cxd4 27. Qxd4 Qe5 28. Qxe5 Rxe5 29. Rd2 Na5 30. Kf2 Nc6 31. Ne2 Nd7 32. Ndc3 Nf6 33. a3 Na5 34. Nd4 Rc8 35. Nce2 Rce8 36. Rd3 Nd7 37. Rc3 Nc5 38. Rfc1 Ne6 39. Nxe6+ R5xe6 40. Nf4 Rd6 41. Rd1 Red8 42. Rcd3 g5 43. Nh5+ Kg6 44. Ng3 Rc6 45. R1d2 Rh8 46. Kg2 Re8 47. Nf5 Rc1 48. Rb2 Rh8 49. Ng3 Re8 50. Kf2 Rh8 51. Nh5 Rh1 52. Kg2 Re1 53. Rc2 Re8 54. Kf2 Rb1 55. b4 Nc4 56. Rxd5 Nxa3 57. Rc3 Rb2+ 58. Kg3 Nb1 59. Rcd3 Rxb4 60. Rf5 Re6 61. Rd8 f6 62. Rg8+ Kh7 63. Rg7+ Kh6 64. Rxa7 Rb3 65. Nxf6 Ra3 66. Ng8+ Kg6 67. Rxg5+ 1-0